000 00290nam a22001337a 4500
008 181008b xxu||||| |||| 00| 0 eng d
020 _a069102281
041 _aeng
080 _a101
100 _a24
101 _aFIL
245 _aConquest of Violence
_cBondurant, J.V
942 _2udc
_cBK
999 _c49073
_d49073